000 00711nam a2200265Ia 4500
003 OSt
005 20220926024443.0
006 a|||||r|||| 00| 0
007 ta
008 220923b |||||||| |||| 00| 0 eng d
020 _a1859739032
037 _cGeneral Book
040 _aRTL
_cRTL
_beng
041 _2eng
_aeng
082 _aU218, N8
100 _aBender Barbara
_9153587
245 0 _aStonehenge making space
260 _aOxford
_bBerg
_c1998
300 _axiv, 254p Bibliography: P 235-47
_ccm.
490 _aMaterializing Culture
650 _a Geography
650 _aLandscape
_9267437
942 _hU218, N8
_cGB
_2CC
999 _c644288
_d644288